| 000 | 00565nam a2200193Ia 4500 | ||
|---|---|---|---|
| 005 | 20250326144127.0 | ||
| 008 | 250326s9999 xx 000 0 und d | ||
| 037 | _aTextbook | ||
| 040 |
_aFMSL _beng _cFMSL |
||
| 041 |
_aeng _2eng |
||
| 084 |
_aX65:51 P5 _qFMSL |
||
| 100 |
_aGupta Sunil _9409099 |
||
| 245 | 0 |
_aManaging customers as investment : the strategic value of customer in the long run _cGupta Sunil |
|
| 260 |
_aIndia _bIndia, Wharton _c2005 |
||
| 365 | _b450 | ||
| 650 | _aNovel | ||
| 942 |
_cTB _hX65:51 P5 |
||
| 999 |
_c1302464 _d1302464 |
||